000 00711cam a22002533a 4500
001 25774
003 PGUSA
005 20140828083544.0
008 080613s2008||||xxu|||||s|||||000 1 eng d
040 _aPGUSA
_beng
042 _adc
050 4 _aF1001
050 4 _aPS
100 1 _aSullivan, Alan,
_d1868-1947
245 1 4 _aThe Rapids
_h[electronic resource] /
_cAlan Sullivan
260 _bProject Gutenberg,
_c2008
506 _aPublic domain in the USA.
516 _aElectronic text
653 _aFrontier and pioneer life -- Ontario -- Fiction
653 _aOntario -- History -- Fiction
830 0 _aProject Gutenberg
_v25774
856 4 0 _uhttp://www.gutenberg.org/ebooks/25774
942 _cEB
999 _c255029
_d255029